Регионална библиотека "Любен Каравелов" - Русе

Снежинки (Запис номер 429668)

MARC детайли
000 -Лидер
Контролно поле с фиксирана дължина nam a22 a 4500
003 - Код на организацията, давaща контролен номер
Контролно поле BLK
005 - Дата и час на последна редакция
Контролно поле 20210824110842.0
008 - Елементи от данни с фиксирана дължина
fixed length control field 180911b bul|||||r ||||||| ||bul||
040 ## - Източник на каталожния запис
Идентификатор на билиотеката - собственик на записа BLK
041 ## - Код за език
Код за езика на текст/звукозапис или на отделно заглавие Български
Код за езика КДБФ Български
080 ## - УДК
Текстов определител УДК Българска литература
УДК код - определител по УДК 821.163.2
УДК определител -1
УДК - код + определител 821.163.2-1
100 ## - Редна дума - Автор
Автор Саваджиян, Леон
Авторска отговорност първи автор
R(LIN) 463075
139 ## - Редно поле
Редна дума Саваджиян, Леон
245 00 - Сведения за заглавието
Заглавие Снежинки
Подзаглавни данни Вечерен албум
Редно поле (дума) Леон Саваджиян; с илюстр. и винетки от Павел Павлов и няколко композиции от Хуго Мървик
260 ## - Област на издателските данни
Място на издаване, разпространение и проч. София
Година на издаване 1908
9 (RLIN) 221504
Печатница София : П. Глушков и сие
300 ## - Физическа характеристика
Размери/Мащаб 26 см
Страници 40 с.
Илюстрации и др. с ил. и ноти
380 ## - Жанр
Жанр Худож. лит.
700 ## - Други автори (авторска отговорност)
9 (RLIN) 599
Лично име Павлов, Павел Костадинов
Автороска отговорност (Описва отношението между автора и произведението) ил.
700 ## - Други автори (авторска отговорност)
9 (RLIN) 638
Лично име Мървик, Хуго
Автороска отговорност (Описва отношението между автора и произведението) комп.
852 ## - Местоположение
Форматна сигнатура Цб 8.255.722
Фондова буква Основен фонд - ползва се само за читалня
999 ## - СИСТЕМНИ КОНТРОЛНИ НОМЕРА
Koha biblionumber 429668
Koha biblioitemnumber 429668
942 ## - АРТИКУЛИ
Вид на библиотечния материал Книги
Скрит в OPAC Не
Периодичен библиозапис Да
944 ## - СЪЗДАВАНЕ И РЕДАКЦИЯ на ЗАПИСА
Създаване/Редакция Създаване
Дата на регистрацията/редакция 2021-08-24
Служител, извършил регистрацията/редакцията К.Д.
Наличности
Код за отписване Код за изгубен артикул Източник на класификационната схема Код за повреда Коз за рестрикции Код за отдаване Артикулен № Име на библиотеката - собственик Име на библиотеката, в която се намира в момента Статус (Текущо местоположение) Дата на вписване в системата Местоположение - отдел Цена в лева Инвентарен номер Систематично азбучна сигнатура Баркод Цена в евро Служебен тип на артикула
  Не е изгубен Universal Decimal Classification Не е повреден само за читалня ползва се в читалня 850096 Регионална библиотека "Любен Каравелов" Русе Регионална библиотека "Любен Каравелов" Русе Хранилище 2021-08-25 Основен фонд - ползва се само за читалня 0.60 722 Цб 8.255.722 900000075765 0.31 Книги
Vip Innovations Ltd, Rousse, Bulgaria 2025